000 00632nam a2200181Ia 4500
008 100920s9999 xx 000 0 und d
082 _b53530
_a--- थ 88
100 _aराजपूत रघुवीरसिंह.
245 _aमहाराणी पद्मनिी.
260 _bसाकेत प्रकाशन,औरंगाबाद.
_c1988
300 _a154
_bसाधी
365 _b55
520 _aकादंबरी.
630 _aमहाराणी पद्मनिी.
650 _aकादंबरी.
730 _aमहाराणी पद्मनिी.
942 _cBOOK
999 _c698570
_d698567